The Queen of Sheba's round table :a study of the most favoured daughters of EVE (Record no. 66389)

MARC details
000 -LEADER
fixed length control field 00648nam a2200217Ia 4500
008 - FIXED-LENGTH DATA ELEMENTS--GENERAL INFORMATION
fixed length control field 191130s2004##################000#0#eng##
020 ## - INTERNATIONAL STANDARD BOOK NUMBER
ISBN 9783631529393
082 ## - DEWEY DECIMAL CLASSIFICATION NUMBER
Classification number 305.42 GLA
100 ## - MAIN ENTRY--AUTHOR NAME
Personal name Annelies, Glander
245 ## - TITLE STATEMENT
Title The Queen of Sheba's round table :a study of the most favoured daughters of EVE
Statement of responsibility, etc Glander Annelies
260 ## - PUBLICATION, DISTRIBUTION, ETC. (IMPRINT)
Place of publication Bern
Name of publisher Peter Lang
Year of publication 2004
300 ## - PHYSICAL DESCRIPTION
Number of Pages 238 p.:ill;23 c.m
500 ## - GENERAL NOTE
General note Includes bibliographical references
650 ## - SUBJECT ADDED ENTRY--TOPICAL TERM
Topical Term Female Wisdom
Topical Term Note on Feminists
Topical Term Sociology
991 ## -
-- 197531
Holdings
Withdrawn status Lost status Damaged status Not for loan Home library Current library Shelving location Date acquired Full call number Accession Number Price effective from Koha item type
        Anna Centenary Library Anna Centenary Library 3RD FLOOR, B WING 09.10.2020 305.42 GLA 217011 09.10.2020 English Books

Find us on the map